Myslíme v jazyku C++
Salvato in:
| Autore principale: | |
|---|---|
| Natura: | Libro |
| Lingua: | ceco |
| Pubblicazione: |
Praha :
Grada Publishing,
2000
|
| Edizione: | 1. vyd. |
| Serie: | Knihovna programátora
2000 |
| Soggetti: | |
| Tags: |
Nessun Tag, puoi essere il primo ad aggiungerne!!
|
MARC
| LEADER | 00000nam a22000003a 4500 | ||
|---|---|---|---|
| 001 | stu75508 | ||
| 005 | 20190206132316.0 | ||
| 008 | 020429s2000----xr------------------cze-d | ||
| 020 | |a 80-247-9009-2 | ||
| 040 | |a STU |b slo | ||
| 041 | 0 | |a cze | |
| 044 | |a xr | ||
| 080 | |a 519.682 | ||
| 100 | 1 | |a Eckel, Bruce |4 aut | |
| 245 | 1 | |a Myslíme v jazyku C++ | |
| 250 | |a 1. vyd. | ||
| 260 | |a Praha : |b Grada Publishing, |c 2000 | ||
| 300 | |a 554 s | ||
| 500 | |a Preložené z angl. originálu Thinking in C++, vydaného naklad. Prentice Hall. 2. vyd. Bruce Eckel r. 2000. Preložil Jiří Hynek | ||
| 650 | 7 | |a programovacie jazyky |2 stusub | |
| 830 | 0 | |a Knihovna programátora |v 2000 | |
| 996 | |b 284J003598 |c J*97748 |l JJST |s P |a 0 |w stu75508_0001 | ||